Name that Minecraft mob - Statistics

General Stats
  • This quiz has been taken 5 times
  • The average score is 11 of 16
Answer Stats
Picture Answer % Correct
Cod
100%
Zombie villager
100%
Drowned
75%
Endermite
75%
Glow squid
75%
Guardian
75%
Mooshroom
75%
Shulker
75%
Sniffer
75%
Spider jockey
75%
Zombie piglin
75%
Ravager
50%
Snow golem
50%
Piglin brute
25%
Strider
25%
Vindicator
25%
No matching quizzes found
Score Distribution
Percent of People with Each Score
Percentile by Number Answered
Your Score History
You have not taken this quiz